书目信息 |
| 题名: |
先秦语言活动之形态观念及其文学意义
|
|
| 作者: | 沈立岩 著 | |
| 分册: | ||
| 出版信息: | 北京 人民出版社 2005 |
|
| 页数: | 507页 | |
| 开本: | 20cm | |
| 丛书名: | ||
| 单 册: | ||
| 中图分类: | H1-09 | |
| 科图分类: | ||
| 主题词: | 汉语--语言学史--先秦时代 , 汉语 , 语言学史 , 古典文学--文学研究--中国--先秦时代 , 文学研究 , 古典文学 | |
| 电子资源: | ||
| ISBN: | 7-01-005105-4 | |
| 000 | 01090nam0 2200301 450 | |
| 001 | 010040027976 | |
| 005 | 20061104111207.54 | |
| 010 | @a7-01-005105-4@dCNY39.00 | |
| 100 | @a20051121d2005 em y0chiy0110 ea | |
| 101 | 0 | @achi |
| 102 | @aCN@b110000 | |
| 105 | @ay z 000yy | |
| 200 | 1 | @a先秦语言活动之形态观念及其文学意义@9xian qin yu yan huo dong zhi xing tai guan nian ji qi wen xue yi yi@f沈立岩著 |
| 210 | @a北京@c人民出版社@d2005 | |
| 215 | @a507页@d20cm | |
| 300 | @a国家社会科学基金项目 | |
| 314 | @a沈立岩,男,汉族,1964年4月出生于河北省邯郸市,现任教于南开大学文学院中文系,任系副主任、文艺理论教研室主任。 | |
| 330 | @a本书共分为6章,主要内容包括:龟卜与卜辞、筮占与筮辞、祭祀与祝嘏、礼乐与礼辞、邦国之交与行人专对、斯文在兹:孔子论言与儒家语言观之创立等。 | |
| 606 | 0 | @a汉语@x语言学史@z先秦时代 |
| 606 | 0 | @a汉语 |
| 606 | 0 | @a语言学史 |
| 606 | 0 | @a古典文学@x文学研究@y中国@z先秦时代 |
| 606 | 0 | @a文学研究 |
| 606 | 0 | @a古典文学 |
| 690 | @aH1-09@v4 | |
| 701 | 0 | @a沈立岩@9shen li yan@4著 |
| 801 | 0 | @aCN@bRENTIAN@c20061104 |
| 905 | @a10447@dH1-09@e114 | |
| 先秦语言活动之形态观念及其文学意义/沈立岩著.-北京:人民出版社,2005 |
| 507页;20cm |
| 国家社会科学基金项目 |
| ISBN 7-01-005105-4:CNY39.00 |
| 本书共分为6章,主要内容包括:龟卜与卜辞、筮占与筮辞、祭祀与祝嘏、礼乐与礼辞、邦国之交与行人专对、斯文在兹:孔子论言与儒家语言观之创立等。 |
| ● |
| 相关链接 |
|
|
|
|
正题名:先秦语言活动之形态观念及其文学意义
索取号:H1-09/114
 
预约/预借
| 序号 | 登录号 | 条形码 | 馆藏地/架位号 | 状态 | 备注 |
| 1 | 0380275 | 203802750 | 第二样本阅览室/ [索取号:H1-09/114] | 在馆 | |
| 2 | 0380276 | 203802769 | 第四借阅区/ [索取号:H1-09/114] | 在馆 | |
| 3 | 0380277 | 203802778 | 第四借阅区/ [索取号:H1-09/114] | 在馆 | |
| 4 | 0380278 | 203802787 | 第四借阅区/ [索取号:H1-09/114] | 在馆 | |
| 5 | 0380279 | 203802796 | 第四借阅区/ [索取号:H1-09/114] | 在馆 |